Online
Catalog
Normal view MARC view

Entry Nombre geográfico

Number of records used in: 1

001 - NÚMERO DE CONTROL

  • campo de control: 77384

003 - IDENTIFICADOR DEL NÚMERO DE CONTROL

  • campo de control: OSt

005 - FECHA Y HORA DE LA ÚLTIMA TRANSACCIÓN

  • campo de control: 20201124084536.0

008 - DATOS DE LONGITUD FIJA

  • campo de control de longitud fija: 201124|| aca||aabn | a|a d

040 ## - FUENTE DE LA CATALOGACIÓN

  • Centro catalogador/agencia de origen: OSt
  • Centro/agencia transcriptor: OSt

151 ## - ENCABEZAMIENTO--NOMBRE GEOGRÁFICO

  • Nombre geográfico: Haití
  • Subdivisión general: Límites
  • Subdivisión de forma: Congresos, conferencias, etc.
  • Subdivisión geográfica:

670 ## - FUENTE DE DATOS ENCONTRADOS

  • Cita de la fuente: Work cat.: (OSt)21533: Simposio panamericano de historia (3 : 1995 :sept. 25-29 : México) 45682, La República Dominicana y Haití :, 1997.

Powered by Koha